000 004370000a22001690004500
003 MACL
005 20160112150607.0
008 160112b xxu||||| |||| 00| 0 eng d
040 _aMACL
_cMACL
041 _aEnglish
082 _a930/CAN
100 _aCanning, John
_99020
245 _a100 Great Events That Changed The World
260 _bAsia Publishing House
_c1965
_aBombay
650 _aHistory
_931409
942 _cBK
_k930/CAN
_2ddc
999 _c36282
_d36282